000
00339nam a2200145Ia 4500
008
220613s9999||||xx |||||||||||||| ||und||
020
_a
0019-6061
100
_a
xxx
245
0
_a
Indian Pediatrics
250
_a
52(7-12) July-Dec 2015
260
_b
Indian Academy of Pediatrics
300
_a
1102
650
_a
Pediatrics
942
_c
IJ
999
_c
15840
_d
15840